000 00523nam a2200169Ia 4500
008 090123s9999 xx 000 0 und d
082 _b20406
100 _aसावंत आत्माराम
245 _aमध्ंयंतर
250 _a0
260 _bश्रध्दा प्रकाशन
600 _aसावंत आत्माराम
630 _aमध्ंयंतर
700 _aसावंत आत्माराम
730 _aमध्ंयंतर
942 _cBOOK
999 _c73124
_d73124